| 000 | 00469nam a2200181Ia 4500 | ||
|---|---|---|---|
| 008 | 240925s9999 xx 000 0 und d | ||
| 020 | _a9694073057 | ||
| 082 | _a955 PAK | ||
| 100 | _aSharif ,K. M. | ||
| 245 | 0 | _aPakistan Almanac 2003-2004 | |
| 250 | _aNA | ||
| 260 |
_aKarachi: _bRoyal Books _c,2004. |
||
| 300 |
_axxxiv,973p. _bNA _fPirated |
||
| 500 | _aIncludes Index | ||
| 600 | _aHumanities & Natural Science | ||
| 650 | _aHistory and Geography | ||
| 942 | _cBK | ||
| 999 |
_c8525 _d8525 |
||